00807nam a22002537a 45000010005000000030006000050050017000110080041000280200018000690400029000870500016001160820008001321000038001402450047001782500041002252600034002663000043003005050007003435200124003505210018004745210018004926500019005106500024005296264FISKH20250407142403.0250407b cb ||||| |||| 00| 0 eng d a9780590409230 aFISKHbengcFISKHdFISKH aPZ7.M1336 B a823 aMcCloskey, Robertd (1914–2003) aBlueberries for Sal /cBy Robert McCloskey aThis edition first published in 1987 aNew York :bScholastic,c1976 a54 pages :billustratorc20 cm x 23 cm aP  aLittle Sal and Little Bear both lose their mothers while eating blueberries and almost end up with the other's mother. 8 a600 bLexile 8 aP bRaz-Plus  2BearsaFiction 2MaineaPicture book